[Event "Girona op 6th"]
[Site "Girona"]
[Date "2015.07.14"]
[Round "2"]
[White "Parayre Soguero, Jordi"]
[Black "Prokudin, Igor"]
[Result "1-0"]
[WhiteElo "2084"]
[BlackElo "1284"]
[PlyCount "30"]
[EventDate "2015.07.13"]
[EventType "swiss"]
[EventRounds "9"]
[EventCountry "ESP"]
[SourceTitle "EXT 2016"]
[Source "ChessBase"]
[SourceDate "2015.10.08"]
[SourceVersion "1"]
[SourceVersionDate "2015.10.08"]
[SourceQuality "1"]

1. e4 c5 2. Nf3 e6 3. d4 cxd4 4. Nxd4 Qa5+ 5. Nc3 Bb4 6. Bd2 d6 7. Bd3 b6 8. 0-0 e5 9. Ndb5 Na6 10. a3 Bxc3 11. Bxc3 Qa4 12. b3 d5 13. bxa4 dxe4 14. Bxe4 Rb8 15. Bc6+ Ke7 1-0